Effect of adventitious iron on epoxidation of natural rubber latex (Record no. 57675)

MARC details
000 -LEADER
fixed length control field 00390nam a2200133Ia 4500
100 ## - MAIN ENTRY--AUTHOR NAME
Personal name Farley P S
245 #0 - TITLE STATEMENT
Title Effect of adventitious iron on epoxidation of natural rubber latex
260 ## - PUBLICATION, DISTRIBUTION, ETC. (IMPRINT)
Name of publisher Journal of Natural Rubber Research
Year of publication 1992
300 ## - PHYSICAL DESCRIPTION
Number of Pages 157-167
650 ## - SUBJECT ADDED ENTRY--TOPICAL TERM
Topical Term Epoxidation
650 ## - SUBJECT ADDED ENTRY--TOPICAL TERM
Topical Term Natural rubber latex
942 ## - ADDED ENTRY ELEMENTS (KOHA)
Koha item type Journals
Holdings
Withdrawn status Lost status Damaged status Not for loan Home library Current library Date acquired Serial Enumeration / chronology Koha item type
      Journals RRII Library RRII Library 17/12/2021 Volume 7, Issue 3 Journals